Modern control theory (Record no. 18567)

000 -LEADER
fixed length control field 00573nam a2200205 4500
001 - CONTROL NUMBER
control field 18567
003 - CONTROL NUMBER IDENTIFIER
control field BD-DhUET
008 - FIXED-LENGTH DATA ELEMENTS--GENERAL INFORMATION
fixed length control field 720531s1964 nyua b 000 0 eng
040 ## - CATALOGING SOURCE
Original cataloging agency DLC
Transcribing agency DLC
Modifying agency BD-DhUET
082 ## - DEWEY DECIMAL CLASSIFICATION NUMBER
Classification number 629.8
Item number TOU/1964
100 ## - MAIN ENTRY--PERSONAL NAME
Personal name Tou, Julius T.
245 10 - TITLE STATEMENT
Title Modern control theory
250 ## - EDITION STATEMENT
Edition statement 1st ed.
260 ## - PUBLICATION, DISTRIBUTION, ETC. (IMPRINT)
Place of publication, distribution, etc. New York
Name of publisher, distributor, etc. McGraw-Hill
Date of publication, distribution, etc. 1964
300 ## - PHYSICAL DESCRIPTION
Extent xv, 427 p.
Other physical details illus.
Dimensions 23 cm.
490 ## - SERIES STATEMENT
Series statement McGraw-Hill electrical and electronic engineering series
504 ## - BIBLIOGRAPHY, ETC. NOTE
Bibliography, etc Includes bibliographies
650 #0 - SUBJECT ADDED ENTRY--TOPICAL TERM
Topical term or geographic name as entry element Automatic control engineering
942 ## - ADDED ENTRY ELEMENTS (KOHA)
Koha item type General Book
Holdings
Shelving location Koha full call number Sublocation or collection (holding branch) Source of classification or shelving scheme Location (home branch) Lost status Damaged status Withdrawn status Koha normalized classification for sorting Piece designation (barcode) Price effective from Copy number Koha item type Date acquired Not for loan Koha date last seen
Circulation section629.8/TOU/1964Central Library, BUET Central Library, BUET   629_800000000000000_TOU_1964163662015-03-301General Book2015-03-30 2015-03-30
Circulation section629.8/TOU/1964Central Library, BUET Central Library, BUET   629_800000000000000_TOU_1964200172015-03-312General Book2015-03-31 2015-03-31
Circulation section629.8/TOU/1964Central Library, BUET Central Library, BUET   629_800000000000000_TOU_1964345382015-03-313General Book2015-03-31 2015-03-31
Reading section629.8/TOU/1964Central Library, BUET Central Library, BUET   629_800000000000000_TOU_196475272015-06-184Reading Item2015-06-18 2015-06-18